Valparaíso, el mito y sus leyendas.
Sparad:
| Huvudupphovsman: | |
|---|---|
| Materialtyp: | Bok |
| Publicerad: |
Santiago, Chile:
RIL editores,
2001.
|
| Ämnen: | |
| Taggar: |
Lägg till en tagg
Inga taggar, Lägg till första taggen!
|
MARC
| LEADER | 00000cam a2200000 a 4500 | ||
|---|---|---|---|
| 001 | UCN5242 | ||
| 003 | CL-VaPUC | ||
| 005 | 20231026090920.0 | ||
| 008 | 220823t2001 ||||| |||| 00| 0 eng d | ||
| 651 | 0 | |a Valparaíso, Chile |9 261144 | |
| 999 | |c 296896 |d 296894 | ||
| 020 | |a 956-284-172-3 | ||
| 040 | |c Pontificia Universidad Católica de Valparaíso | ||
| 082 | 0 | 4 | |a 398.2 ROJ 2001 |2 21 |
| 100 | 0 | |a Rojas Farías, Víctor |e autor |9 461324 | |
| 245 | 1 | 0 | |a Valparaíso, el mito y sus leyendas. |
| 260 | |a Santiago, Chile: |b RIL editores, |c 2001. | ||
| 300 | |a 248 páginas. | ||
| 500 | |a c.3 Donación Literatura. | ||
| 583 | |a last modification |c 20130916 07:08:09 |k Rodrigo Vera | ||
| 650 | 0 | |a Mitología |9 255719 | |
| 650 | 0 | |a Costumbres y tradiciones |9 268292 | |
| 650 | 0 | |a Leyendas chilenas |9 310059 | |
| 942 | |c BK |2 ddc | ||
| 945 | |d 20010824 00:00:00 |a cmena | ||
| 952 | |0 0 |1 0 |4 0 |6 398_200000000000000_ROJ_2001 |7 0 |8 X |9 351177 |a BIBHIS |b BIBHIS |d 2019-11-21 |i 3749991 |o 398.2 ROJ 2001 |p 3749991 |r 2024-01-30 |w 2019-11-21 |y BK_X |k HIS | ||
| 952 | |0 0 |1 0 |3 erb |4 0 |6 398_200000000000000_ROJ_2001 |7 0 |8 A |9 351178 |a BIBCUR |b BIBCUR |d 2019-11-21 |i 5011736 |o 398.2 ROJ 2001 |p 5011736 |r 2025-04-22 |w 2019-11-21 |y BK |z Catalogado en:20130930 |k PER | ||
| 952 | |0 0 |1 0 |2 ddc |4 0 |6 398_200000000000000_ROJ_2001 |7 0 |8 A |9 586382 |a BIBEDU |b BIBEDU |c GEN |d 2022-08-23 |e Donación |i 5654399 |l 1 |o 398.2 ROJ 2001 |p 5654399 |r 2025-04-08 |s 2025-04-02 |t 3 |w 2022-08-23 |y BK |k LIT | ||